[Event "Campeonato de España PULEVA MAX Sub-12  "]
[Site "Padron (Galicia)"]
[Date "2011.07.05"]
[Round "1"]
[White "Santos Ruiz, Miguel"]
[Black "Capote Robayna, Nayeli"]
[Result "1-0"]
[WhiteElo "1949"]
[BlackElo "1426"]
[PlyCount "81"]
[EventDate "2011.07.05"]
[EventRounds "9"]
[EventCountry "ESP"]

1. e4 e6 2. d4 d5 3. Nc3 Bb4 4. e5 c5 5. a3 Qa5 6. Bd2 Bxc3 7. bxc3 c4 8. Qg4
g6 9. h4 h5 10. Qf4 Nc6 11. g4 Nge7 12. Qf6 Rh7 13. Nh3 Ng8 14. Qf4 Qc7 15. Ng5
Rh8 16. gxh5 gxh5 17. Rh3 Qe7 18. Rf3 Nh6 19. Qf6 Qxf6 20. Rxf6 Bd7 21. Nxe6
Bxe6 22. Bxh6 O-O-O 23. Bg5 Rde8 24. Kd2 Ne7 25. Ke3 Rhf8 26. Kf3 Bg4+ 27. Kg3
Be6 28. Bh3 Bxh3 29. Kxh3 Ng6 30. Rd6 Ne7 31. Bxe7 Rxe7 32. Rxd5 f6 33. Rc5+
Rc7 34. Rxc7+ Kxc7 35. Kg3 fxe5 36. dxe5 Kd7 37. f4 Ke6 38. Kf3 Kf5 39. Rg1 Ke6
40. Ke4 Rf5 41. Rg6+ {1-0 Santos,M-Capote,N/www.feda.org 2011} 1-0

[Event "Campeonato de España PULEVA MAX Sub-12  "]
[Site "Padron (Galicia)"]
[Date "2011.07.05"]
[Round "1"]
[White "Lomba Gonzalez, Daniel"]
[Black "Domingo Nunez, Alejandro"]
[Result "0-1"]
[WhiteElo "1426"]
[BlackElo "1839"]
[PlyCount "56"]
[EventDate "2011.07.05"]
[EventRounds "9"]
[EventCountry "ESP"]

1. e4 c5 2. Nf3 d6 3. d4 cxd4 4. Nxd4 Nf6 5. Nc3 g6 6. Be3 Bg7 7. f3 O-O 8. Qd2
Nc6 9. O-O-O Nxd4 10. Bxd4 Be6 11. g4 Qa5 12. a3 Rfc8 13. h4 Rab8 14. h5 b5 15.
hxg6 hxg6 16. Nxb5 Rxb5 17. Bxb5 Qxb5 18. Qd3 Bc4 19. Qd2 Be2 20. g5 Bxd1 21.
Rxd1 Nh5 22. Bxg7 Nxg7 23. Qd4 Qxg5+ 24. Kb1 Qg2 25. Qd3 Ne6 26. Rd2 Qg3 27.
Qe3 Ng5 28. Rd1 Qxf3 0-1

[Event "Campeonato de España PULEVA MAX Sub-12  "]
[Site "Padron (Galicia)"]
[Date "2011.07.05"]
[Round "1"]
[White "Perez Garcia, Alejandro"]
[Black "Tarraga Navarro, Pablo"]
[Result "1-0"]
[WhiteElo "1781"]
[BlackElo "1424"]
[PlyCount "49"]
[EventDate "2011.07.05"]
[EventRounds "9"]
[EventCountry "ESP"]

1. c4 e5 2. Nc3 Nc6 3. g3 d6 4. Bg2 Bd7 5. e3 Be7 6. Nge2 f5 7. d3 Bf6 8. Nd5
Be6 9. Nec3 a6 10. b4 Bxd5 11. Nxd5 e4 12. d4 b5 13. g4 g6 14. gxf5 gxf5 15.
cxb5 axb5 16. Qh5+ Kf8 17. Qxf5 Ra4 18. Bxe4 Nxb4 19. Rg1 Rxa2 20. Rxa2 Nxa2
21. Bd2 c6 22. Qe6 Qa8 23. Rxg8+ Rxg8 24. Qxf6+ Ke8 25. Qe7# 1-0

[Event "Campeonato de España PULEVA MAX Sub-12  "]
[Site "Padron (Galicia)"]
[Date "2011.07.05"]
[Round "1"]
[White "Represa Perez, Mireya"]
[Black "Lopez Mulet, Inigo"]
[Result "0-1"]
[WhiteElo "1410"]
[BlackElo "1780"]
[PlyCount "52"]
[EventDate "2011.07.05"]
[EventRounds "9"]
[EventCountry "ESP"]

1. d4 Nf6 2. c4 c5 3. d5 b5 4. cxb5 a6 5. bxa6 g6 6. Nc3 Bxa6 7. g3 d6 8. Bg2
Bg7 9. e3 Nbd7 10. Qc2 Ne5 11. Nf3 Nd3+ 12. Kd1 Qa5 13. Rf1 Nb4 14. Qb3 Bd3 15.
Ne1 Bxf1 16. Bxf1 O-O 17. Bg2 Ng4 18. f3 Ne5 19. Bd2 Rfb8 20. Ne4 c4 21. Qc3
Ned3 22. Nxd3 Bxc3 23. Bxc3 cxd3 24. a3 Qa4+ 25. Kd2 Qc2+ 26. Ke1 Qe2# 0-1

[Event "Campeonato de España PULEVA MAX Sub-12  "]
[Site "Padron (Galicia)"]
[Date "2011.07.05"]
[Round "1"]
[White "Ucles Lirola, Moises"]
[Black "Diaz Martin, Cristina"]
[Result "1-0"]
[WhiteElo "1774"]
[BlackElo "1402"]
[PlyCount "57"]
[EventDate "2011.07.05"]
[EventRounds "9"]
[EventCountry "ESP"]

1. e4 e5 2. Nf3 Nc6 3. Bc4 Nf6 4. d3 Bc5 5. c3 O-O 6. Nbd2 d6 7. a4 a6 8. b4
Ba7 9. Nf1 Bg4 10. Be3 d5 11. exd5 Nxd5 12. Bxa7 Rxa7 13. h3 Bh5 14. Ng3 Bg6
15. O-O Nf4 16. b5 Na5 17. Nxe5 Nxc4 18. dxc4 Qf6 19. Nd7 Qd8 20. Nxf8 Qxf8 21.
Qd4 Ra8 22. Qxf4 c6 23. Rfe1 h6 24. Qc7 Rb8 25. Re7 Qd8 26. Qxd8+ Rxd8 27. Rxb7
Rd3 28. bxa6 Rd8 29. a7 1-0

[Event "Campeonato de España PULEVA MAX Sub-12  "]
[Site "Padron (Galicia)"]
[Date "2011.07.05"]
[Round "1"]
[White "Velasco Rebezon, Daniela"]
[Black "Laiz, Ibanez Hector"]
[Result "0-1"]
[WhiteElo "1356"]
[BlackElo "1769"]
[PlyCount "166"]
[EventDate "2011.07.05"]
[EventRounds "9"]
[EventCountry "ESP"]

1. d4 Nf6 2. e3 e6 3. f4 b6 4. Nf3 Bb7 5. Bd3 Be7 6. Nbd2 c5 7. c3 O-O 8. O-O
d6 9. Qe1 Nbd7 10. Qh4 h6 11. Qh3 Nd5 12. Ne4 f5 13. Ng3 N5f6 14. Nh4 Qe8 15.
Ngxf5 exf5 16. Bxf5 Be4 17. Bxe4 Nxe4 18. Qe6+ Qf7 19. Qxe4 Bxh4 20. g3 Bf6 21.
Qc6 Qe7 22. Qd5+ Kh8 23. e4 cxd4 24. cxd4 g6 25. e5 dxe5 26. dxe5 Bg7 27. Bd2
Qc5+ 28. Qxc5 Nxc5 29. Bb4 Rac8 30. Rad1 Rfd8 31. Rfe1 Nd3 32. Be7 Nxe1 33.
Bxd8 Nf3+ 34. Kg2 Nxe5 35. fxe5 Bxe5 36. Rd2 Bxb2 37. Bxb6 Bc3 38. Rd8+ Rxd8
39. Bxd8 Kg7 40. Kf3 Kf7 41. h3 Ke6 42. g4 Kd5 43. Ke2 Kc4 44. Be7 Bb4 45. Bf6
Bc3 46. Be7 Be5 47. Kd2 Bf4+ 48. Ke2 Kc3 49. Bc5 a5 50. a4 Kb3 51. Kf3 Bd2 52.
Ke2 Bb4 53. Be3 Bf8 54. Bb6 Kxa4 55. Ke3 Be7 56. Ke4 Bh4 57. Ke5 Kb4 58. Ke6 a4
59. Bd4 a3 60. Kf7 g5 61. Ba1 Kb3 62. Kg6 a2 63. Kxh6 Kc2 64. Kg6 Kb1 65. Bc3
a1=Q 66. Bxa1 Kxa1 67. Kf5 Kb2 68. Ke5 Kc2 69. Ke4 Kd2 70. Kf3 Ke1 71. Kg2 Ke2
72. Kg1 Kf3 73. Kh2 Kf2 74. Kh1 Kg3 75. Kg1 Kxh3 76. Kh1 Kxg4 77. Kg2 Kf4 78.
Kh3 Be1 79. Kg2 g4 80. Kh2 Bb4 81. Kg2 g3 82. Kf1 Kf3 83. Kg1 Bc5+ 0-1

[Event "Campeonato de España PULEVA MAX Sub-12  "]
[Site "Padron (Galicia)"]
[Date "2011.07.05"]
[Round "1"]
[White "Ortega Lopez, Mikel"]
[Black "Pena Aragon, Sergio"]
[Result "1-0"]
[WhiteElo "1758"]
[BlackElo "1336"]
[PlyCount "65"]
[EventDate "2011.07.05"]
[EventRounds "9"]
[EventCountry "ESP"]

1. e4 e5 2. d4 exd4 3. Nf3 Bb4+ 4. c3 dxc3 5. bxc3 Be7 6. Bc4 d6 7. Qb3 Be6 8.
Bxe6 fxe6 9. Qxb7 Nd7 10. Nd4 Rb8 11. Qxa7 Nc5 12. Nc6 Rb7 13. Qxb7 Nxb7 14.
Nxd8 Bxd8 15. Nd2 Nf6 16. f3 O-O 17. O-O Nc5 18. Nc4 d5 19. exd5 Nxd5 20. Ba3
Be7 21. Bxc5 Bxc5+ 22. Kh1 Nxc3 23. a4 Bd4 24. a5 Ne4 25. fxe4 Bxa1 26. Rxa1
Ra8 27. a6 Kf8 28. a7 Ke7 29. Ra6 Kd8 30. Kg1 Kd7 31. Kf2 Ke7 32. Ke3 c5 33.
Nb6 1-0

[Event "Campeonato de España PULEVA MAX Sub-12  "]
[Site "Padron (Galicia)"]
[Date "2011.07.05"]
[Round "1"]
[White "Moreno Lara, Sergio"]
[Black "Domingo Nunez, Ruben"]
[Result "0-1"]
[WhiteElo "1309"]
[BlackElo "1756"]
[PlyCount "82"]
[EventDate "2011.07.05"]
[EventRounds "9"]
[EventCountry "ESP"]

1. e4 c5 2. Nf3 d6 3. d4 cxd4 4. Nxd4 Nf6 5. Nc3 g6 6. Be3 Bg7 7. f3 O-O 8. Qd2
Nc6 9. h4 Nxd4 10. Bxd4 Be6 11. g4 Qa5 12. h5 Qb4 13. Rb1 Nxe4 14. Nxe4 Qxd2+
15. Kxd2 Bxd4 16. hxg6 hxg6 17. b3 Rac8 18. Bd3 Be5 19. Rh4 d5 20. Ng5 Bf4+ 21.
Ke2 Bxg5 22. Rh3 Kg7 23. Rf1 Rh8 24. Rg3 Rh2+ 25. Rf2 Rxf2+ 26. Kxf2 Bh4 27.
Kg2 Bxg3 28. Kxg3 g5 29. f4 gxf4+ 30. Kxf4 f6 31. g5 Rh8 32. gxf6+ Kxf6 33. Ke3
Ke5 34. c3 Rh3+ 35. Kd2 d4 36. c4 Rh2+ 37. Ke1 Bf5 38. Bf1 Ke4 39. Kd1 Ke3 40.
Ke1 Rxa2 41. Kd1 Ra1# 0-1

[Event "Campeonato de España PULEVA MAX Sub-12  "]
[Site "Padron (Galicia)"]
[Date "2011.07.05"]
[Round "1"]
[White "Salagran Ferragut, Guillem"]
[Black "Oliva Burgos, Ignacio"]
[Result "1-0"]
[WhiteElo "1755"]
[BlackElo "1299"]
[PlyCount "57"]
[EventDate "2011.07.05"]
[EventRounds "9"]
[EventCountry "ESP"]

1. e4 c5 2. Nc3 d6 3. g3 Nc6 4. Bg2 g6 5. d3 Bg7 6. Be3 Bd7 7. Qd2 Nf6 8. Bh6
O-O 9. h4 Qc7 10. h5 Nxh5 11. Rxh5 Bg4 12. Rh4 f5 13. Bxg7 Kxg7 14. Qh6+ Kf7
15. Qxh7+ Ke8 16. Qxg6+ Kd7 17. f3 Rg8 18. Qh6 Rh8 19. Qf4 Nd4 20. O-O-O Bh5
21. exf5 Bf7 22. Re1 Qa5 23. Qe4 Rhe8 24. Qxb7+ Qc7 25. Qxc7+ Kxc7 26. Rh7 Bg8
27. Rhxe7+ Rxe7 28. Rxe7+ Kd8 29. Rg7 1-0

[Event "Campeonato de España PULEVA MAX Sub-12  "]
[Site "Padron (Galicia)"]
[Date "2011.07.05"]
[Round "1"]
[White "Guerrero Mendez, Jesus"]
[Black "Ventura Bolet, Alexandre"]
[Result "0-1"]
[WhiteElo "1286"]
[BlackElo "1755"]
[PlyCount "58"]
[EventDate "2011.07.05"]
[EventRounds "9"]
[EventCountry "ESP"]

1. e4 Nf6 2. e5 Nd5 3. d4 d6 4. Nf3 Nc6 5. a3 Nb6 6. Nc3 g6 7. Bb5 a6 8. Bxc6+
bxc6 9. O-O Bg7 10. h3 O-O 11. Ne2 Be6 12. Nf4 Bd5 13. Nxd5 cxd5 14. Bf4 c5 15.
c3 dxe5 16. dxe5 e6 17. Qc1 Qc7 18. Re1 Rab8 19. b4 Rfc8 20. Nh2 cxb4 21. cxb4
Qxc1 22. Raxc1 Rxc1 23. Rxc1 Nc4 24. Nf3 h6 25. Rc3 g5 26. Bh2 a5 27. bxa5 Rb1+
28. Rc1 Rxc1+ 29. Ne1 Rxe1# 0-1

[Event "Campeonato de España PULEVA MAX Sub-12  "]
[Site "Padron (Galicia)"]
[Date "2011.07.05"]
[Round "2"]
[White "Domingo Nunez, Alejandro"]
[Black "Ros Alonso, Jaume"]
[Result "1-0"]
[WhiteElo "1839"]
[BlackElo "1564"]
[PlyCount "45"]
[EventDate "2011.07.05"]
[EventRounds "9"]
[EventCountry "ESP"]

1. e4 Nf6 2. e5 Nd5 3. Nc3 Nxc3 4. dxc3 d6 5. Nf3 Bg4 6. Bc4 e6 7. h3 Bh5 8.
Bf4 Be7 9. g4 Bg6 10. Qe2 d5 11. Bd3 O-O 12. O-O-O c5 13. h4 Bxd3 14. Qxd3 c4
15. Qd2 b5 16. g5 g6 17. Nh2 Nc6 18. Ng4 a5 19. Nf6+ Kg7 20. h5 Bxf6 21. gxf6+
Kg8 22. Bg3 Kh8 23. Qh6 1-0

[Event "Campeonato de España PULEVA MAX Sub-12  "]
[Site "Padron (Galicia)"]
[Date "2011.07.05"]
[Round "2"]
[White "Gallardo Obregon, Alexandra"]
[Black "Ortega Lopez, Mikel"]
[Result "0-1"]
[WhiteElo "1548"]
[BlackElo "1758"]
[PlyCount "59"]
[EventDate "2011.07.05"]
[EventRounds "9"]
[EventCountry "ESP"]

1. e4 c5 2. Nc3 e6 3. g3 g6 4. Bg2 Bg7 5. f4 d6 6. Nf3 Nc6 7. O-O Nge7 8. d3 b6
9. Rb1 Rb8 10. Bd2 Bb7 11. Ne2 O-O 12. Bc3 d5 13. Bxg7 Kxg7 14. e5 Nf5 15. Qd2
d4 16. Rfc1 Qd7 17. a3 Nce7 18. c3 h5 19. Bh1 Rfd8 20. cxd4 Bxf3 21. Bxf3 Nxd4
22. Be4 Nb3 23. Qc3 Nxc1 24. Rxc1 Nc6 25. b4 Nd4 26. Nxd4 cxd4 27. Qc7 Rbc8 28.
Qxd7 Rxc1+ 29. Kg2 Rxd7 30. Kf2 0-1

[Event "Campeonato de España PULEVA MAX Sub-12  "]
[Site "Padron (Galicia)"]
[Date "2011.07.05"]
[Round "2"]
[White "Lopez Mulet, Inigo"]
[Black "Guerrero Mendez, Luis"]
[Result "1-0"]
[WhiteElo "1780"]
[BlackElo "1549"]
[PlyCount "115"]
[EventDate "2011.07.05"]
[EventRounds "9"]
[EventCountry "ESP"]

1. Nf3 Nf6 2. c4 g6 3. g3 Bg7 4. Bg2 d6 5. O-O O-O 6. Nc3 c5 7. d4 Nbd7 8. d5
Nb6 9. Qd3 Bd7 10. e4 Nh5 11. Re1 Qc7 12. h3 f5 13. exf5 Bxf5 14. Qe2 Bd7 15.
Ng5 Rae8 16. Ne6 Bxe6 17. Qxe6+ Kh8 18. Nb5 Qd8 19. Bg5 Nf6 20. Rac1 a6 21. Na3
Qd7 22. b3 h6 23. Bd2 Kh7 24. Bc3 Qxe6 25. Rxe6 Nbd7 26. Rce1 Rf7 27. f4 Nf8
28. R6e3 h5 29. Nb1 b5 30. Nd2 b4 31. Ba1 a5 32. Nf3 Bh6 33. Bxf6 Rxf6 34.
Rxe7+ Rxe7 35. Rxe7+ Kg8 36. Ra7 Rf7 37. Ra6 Rd7 38. h4 Bg7 39. Bh3 Rd8 40. Ng5
Bd4+ 41. Kf1 Bf6 42. Ne4 Be7 43. Ra7 Re8 44. Kf2 Nh7 45. Be6+ Kf8 46. Nxd6 Bxd6
47. Rxh7 Re7 48. Rh8+ Kg7 49. Rc8 Rc7 50. Ra8 Kf6 51. Ke3 Ke7 52. Kf3 Rb7 53.
g4 Kf6 54. g5+ Kg7 55. Ke4 Rc7 56. Ra6 Bf8 57. d6 Rb7 58. Kd5 {
1-0 Lopez, I-Tomas,F/www.feda.org 2011} 1-0

[Event "Campeonato de España PULEVA MAX Sub-12  "]
[Site "Padron (Galicia)"]
[Date "2011.07.05"]
[Round "2"]
[White "Laiz, Ibanez Hector"]
[Black "Rodriguez, Alonso Marcos"]
[Result "1-0"]
[WhiteElo "1769"]
[BlackElo "1542"]
[PlyCount "25"]
[EventDate "2011.07.05"]
[EventRounds "9"]
[EventCountry "ESP"]

1. e4 e5 2. Nf3 Nc6 3. Bb5 Bc5 4. O-O Nf6 5. Nxe5 Nxe5 6. d4 Bxd4 7. Qxd4 Qe7
8. Bg5 O-O 9. f4 Ng6 10. e5 c6 11. exf6 gxf6 12. Bxf6 Qe8 13. Bd3 1-0

[Event "Campeonato de España PULEVA MAX Sub-12  "]
[Site "Padron (Galicia)"]
[Date "2011.07.05"]
[Round "2"]
[White "Domingo Nunez, Ruben"]
[Black "Aliane Diez, Aaron"]
[Result "1-0"]
[WhiteElo "1756"]
[BlackElo "1531"]
[PlyCount "101"]
[EventDate "2011.07.05"]
[EventRounds "9"]
[EventCountry "ESP"]

1. d4 d5 2. e3 Nf6 3. Bd3 e6 4. f4 c5 5. c3 Nc6 6. Nf3 cxd4 7. exd4 Bd6 8. O-O
O-O 9. Ne5 Ne7 10. Nd2 Nd7 11. Qh5 f5 12. Nxd7 Bxd7 13. Nf3 Be8 14. Qh3 Rf6 15.
Ne5 Qb6 16. Qf3 Nc6 17. Kh1 Qc7 18. Be3 Rb8 19. g4 g6 20. gxf5 gxf5 21. Rg1+
Bg6 22. Qh5 Qg7 23. Qh3 Rbf8 24. Bf2 Rc8 25. Bh4 Rff8 26. Bg5 Rfe8 27. Qh4 Be7
28. Rae1 Nxe5 29. Rxe5 Bxg5 30. Qxg5 Kf7 31. Bb5 Re7 32. Rge1 Qf6 33. Qh6 a6
34. Bd3 Rcc7 35. R1e3 Rcd7 36. Rg3 Rd8 37. h4 Qg7 38. Qxg7+ Kxg7 39. h5 Kf6 40.
hxg6 hxg6 41. Rh3 Rg8 42. Kg2 Reg7 43. Rh6 Kf7 44. Be2 Rc8 45. Kf3 Rc6 46. Ke3
Rb6 47. b3 g5 48. Bh5+ Ke7 49. fxg5 Rxg5 50. Rh7+ Kd8 51. Kf2 1-0

[Event "Campeonato de España PULEVA MAX Sub-12  "]
[Site "Padron (Galicia)"]
[Date "2011.07.05"]
[Round "2"]
[White "Perez Garcia, Adria"]
[Black "Salagran Ferragut, Guillem"]
[Result "0-1"]
[WhiteElo "1534"]
[BlackElo "1755"]
[PlyCount "94"]
[EventDate "2011.07.05"]
[EventRounds "9"]
[EventCountry "ESP"]

1. d4 Nf6 2. Nf3 c5 3. g3 b6 4. Bg2 Bb7 5. e3 Qc7 6. O-O e6 7. b3 Be7 8. c4 O-O
9. Bb2 d5 10. Qc2 dxc4 11. bxc4 Be4 12. Qc3 Na6 13. Nbd2 Bc6 14. a4 Qb7 15.
dxc5 Bxc5 16. Ba3 Rfd8 17. Ne1 Bxa3 18. Rxa3 Nc5 19. Bxc6 Qxc6 20. Qc2 Nxa4 21.
Rxa4 Rxd2 22. Qxd2 Qxa4 23. Qc2 Qc6 24. Nd3 Rc8 25. Rc1 Ne8 26. Nb2 Nd6 27. h3
Nb7 28. Nd3 Qe4 29. Kh2 Kf8 30. h4 Ke7 31. Kg1 Na5 32. Nb2 Qxc2 33. Rxc2 Kd6
34. Kf1 b5 35. c5+ Rxc5 36. Rd2+ Rd5 37. Rc2 Nc6 38. Ke2 a5 39. Nd3 Rxd3 40.
Kxd3 Nb4+ 41. Kc3 Nxc2 42. Kxc2 Kc5 43. Kb3 a4+ 44. Ka2 b4 45. Kb2 Kc4 46. f3
Kd3 47. e4 Ke3 0-1

[Event "Campeonato de España PULEVA MAX Sub-12  "]
[Site "Padron (Galicia)"]
[Date "2011.07.05"]
[Round "2"]
[White "Ventura Bolet, Alexandre"]
[Black "Ruiz De Leon Merlo, Esther"]
[Result "1-0"]
[WhiteElo "1755"]
[BlackElo "1500"]
[PlyCount "103"]
[EventDate "2011.07.05"]
[EventRounds "9"]
[EventCountry "ESP"]

1. e4 e6 2. d4 d5 3. Bd3 Nf6 4. e5 Nfd7 5. Nf3 c5 6. c3 Nc6 7. O-O Be7 8. Bc2
Qb6 9. dxc5 Bxc5 10. b4 Be7 11. Re1 O-O 12. Qd3 g6 13. h4 Qc7 14. Bf4 Bf6 15.
Qe3 Bxe5 16. Bxe5 Ndxe5 17. Nxe5 Nxe5 18. Qxe5 Qxe5 19. Rxe5 f6 20. Re1 Bd7 21.
a4 Rac8 22. Bb3 Rfe8 23. Ra2 a6 24. Rae2 Rc7 25. Bxd5 Kf7 26. Bb3 Bc8 27. Re3
Rc6 28. a5 Rd8 29. Na3 Ke7 30. Nc2 e5 31. Nd4 Rcd6 32. f4 Bg4 33. fxe5 fxe5 34.
Rxe5+ Kf6 35. Re7 R8d7 36. Rxd7 Rxd7 37. Be6 Rxd4 38. cxd4 Bxe6 39. Kf2 Bd5 40.
g3 h5 41. Re5 Be6 42. Rxe6+ Kxe6 43. Ke3 Kf5 44. Kd3 Kf6 45. Ke4 Ke6 46. d5+
Kd6 47. Kd4 Ke7 48. Ke5 Kd7 49. d6 Kd8 50. Ke6 Ke8 51. d7+ Kd8 52. Kd6 1-0

[Event "Campeonato de España PULEVA MAX Sub-12  "]
[Site "Padron (Galicia)"]
[Date "2011.07.05"]
[Round "2"]
[White "Nieves Cabanes, Jose Manuel"]
[Black "Miguens, Mata Jose"]
[Result "1-0"]
[WhiteElo "1722"]
[BlackElo "1469"]
[PlyCount "73"]
[EventDate "2011.07.05"]
[EventRounds "9"]
[EventCountry "ESP"]

1. d4 Nf6 2. Nf3 e6 3. g3 b6 4. Bg2 Bb7 5. c4 Bb4+ 6. Bd2 Bxd2+ 7. Nbxd2 O-O 8.
O-O d6 9. Re1 Nbd7 10. e4 e5 11. d5 Nc5 12. Qc2 a5 13. Nh4 Bc8 14. Nf5 Bxf5 15.
exf5 Qd7 16. Nf1 e4 17. Nd2 Nd3 18. Re2 Nb4 19. Qb3 Qxf5 20. Nxe4 Nd7 21. Rae1
Ne5 22. Re3 Rfe8 23. h3 Na6 24. Qb5 Qd7 25. f4 Qxb5 26. cxb5 Nb4 27. fxe5 Nc2
28. e6 fxe6 29. dxe6 Nxe3 30. Rxe3 Rxe6 31. Nf6+ Rxf6 32. Bxa8 Rf5 33. a4 Rc5
34. Rc3 Rg5 35. Kg2 Re5 36. Bf3 Re7 37. Bd5+ 1-0

[Event "Campeonato de España PULEVA MAX Sub-12  "]
[Site "Padron (Galicia)"]
[Date "2011.07.05"]
[Round "2"]
[White "Porlan Minarro, Antonio"]
[Black "Calvo Simon, Jorge"]
[Result "1/2-1/2"]
[WhiteElo "1479"]
[BlackElo "1715"]
[PlyCount "64"]
[EventDate "2011.07.05"]
[EventRounds "9"]
[EventCountry "ESP"]

1. e4 c5 2. Nc3 d6 3. g3 Nf6 4. Bg2 g6 5. d3 Bg7 6. Bd2 O-O 7. f4 Nc6 8. Nf3
Bd7 9. O-O Rb8 10. Rb1 b5 11. a3 a5 12. a4 b4 13. Nb5 Rb6 14. c4 bxc3 15. bxc3
Rb8 16. c4 Nb4 17. Bc3 Bc6 18. Qd2 Qb6 19. Kh1 Rfd8 20. h3 e6 21. Qe2 Nh5 22.
Be1 d5 23. e5 dxc4 24. dxc4 Bf8 25. Kh2 Ng7 26. Bc3 Nf5 27. Rfd1 Bxf3 28. Qxf3
Nd4 29. Qe4 Nf5 30. g4 Ng7 31. Bf3 Be7 32. Kg3 Rxd1 1/2-1/2

[Event "Campeonato de España PULEVA MAX Sub-12  "]
[Site "Padron (Galicia)"]
[Date "2011.07.05"]
[Round "2"]
[White "Gimenez Aguirre, Ismael Alejo"]
[Black "Fernandez Nieto, Javier"]
[Result "1-0"]
[WhiteElo "1712"]
[BlackElo "1467"]
[PlyCount "51"]
[EventDate "2011.07.05"]
[EventRounds "9"]
[EventCountry "ESP"]

1. e4 e5 2. Nf3 Nc6 3. d4 exd4 4. Bc4 Nf6 5. O-O d6 6. Nxd4 Nxd4 7. Qxd4 Be7 8.
Nc3 O-O 9. f4 Nd7 10. Qf2 Nb6 11. Bd3 Bf6 12. Bd2 Bd7 13. Rae1 Qe7 14. Qf3 Bc6
15. Qh5 g6 16. Qf3 Bg7 17. f5 Qf6 18. g4 Rae8 19. g5 Qd8 20. f6 Bh8 21. Qh3 d5
22. Rf4 dxe4 23. Nxe4 Bxe4 24. Rfxe4 Rxe4 25. Rxe4 h6 26. Qxh6 1-0

[Event "Campeonato de España PULEVA MAX Sub-12  "]
[Site "Padron (Galicia)"]
[Date "2011.07.05"]
[Round "2"]
[White "Marquez Marvizon, Alejandra"]
[Black "Alvarez Gonzalez, Alvaro"]
[Result "0-1"]
[WhiteElo "1474"]
[BlackElo "1707"]
[PlyCount "146"]
[EventDate "2011.07.05"]
[EventRounds "9"]
[EventCountry "ESP"]

1. e4 e5 2. Nf3 Nc6 3. Bc4 Bc5 4. Nc3 Nf6 5. d3 h6 6. O-O d6 7. h3 O-O 8. Be3
Bb6 9. Ne2 Be6 10. Bb3 Qd7 11. Ng3 Rfe8 12. Qd2 Kh7 13. Bxe6 fxe6 14. d4 exd4
15. Nxd4 Ne5 16. b3 Ng6 17. Rad1 Rad8 18. Rfe1 d5 19. Nf3 dxe4 20. Qxd7 Rxd7
21. Rxd7 Nxd7 22. Nxe4 Nf6 23. Bxb6 axb6 24. Nxf6+ gxf6 25. Rd1 e5 26. h4 e4
27. Nh2 h5 28. g3 Re7 29. Re1 f5 30. f3 Kg7 31. Kf2 Kf6 32. Nf1 exf3 33. Rxe7
Nxe7 34. Kxf3 Nc6 35. c3 Ne5+ 36. Ke2 Ng6 37. Ne3 Ke5 38. Kf3 b5 39. b4 Ne7 40.
a3 b6 41. Ng2 Nd5 42. Nf4 Nxf4 43. gxf4+ Kd5 44. Ke3 Kc4 45. Kd2 c6 46. Kc2 c5
47. Kd2 Kb3 48. Kd3 Kxa3 49. Ke3 cxb4 50. cxb4 Kxb4 51. Kd4 Ka4 52. Ke5 b4 53.
Kxf5 b3 54. Ke6 b2 55. f5 b1=Q 56. f6 Qe1+ 57. Kf7 Qxh4 58. Kg7 Qxf6+ 59. Kxf6
h4 60. Ke5 h3 61. Ke4 h2 62. Ke5 h1=Q 63. Kd4 Qc1 64. Kd3 b5 65. Kd4 b4 66. Kd5
b3 67. Ke4 b2 68. Kd4 b1=Q 69. Ke5 Qb5+ 70. Ke4 Qcc4+ 71. Ke3 Qbb3+ 72. Kd2
Qcc2+ 73. Ke1 Qbb1# 0-1

[Event "Campeonato de España PULEVA MAX Sub-12  "]
[Site "Padron (Galicia)"]
[Date "2011.07.05"]
[Round "2"]
[White "De, La Pena Garcia Blanc"]
[Black "Perez Tores, Juan Miguel"]
[Result "1-0"]
[WhiteElo "1498"]
[BlackElo "1742"]
[PlyCount "60"]
[EventDate "2011.07.05"]
[EventRounds "9"]
[EventCountry "ESP"]

1. e4 d6 2. d4 Nf6 3. Nc3 g6 4. Nf3 Bg7 5. Bd3 O-O 6. Be3 Nc6 7. O-O e5 8. d5
Ne7 9. h3 Ne8 10. Qd2 f5 11. Bh6 f4 12. Bxg7 Nxg7 13. Ne2 h6 14. h4 Bg4 15. Nh2
Qc8 16. f3 Bd7 17. Kf2 g5 18. hxg5 hxg5 19. Ng1 Kf7 20. Rfe1 Rh8 21. Nf1 Ng8
22. Ne2 Nf6 23. g3 Rh1 24. g4 Qh8 25. Red1 Qh4+ 26. Kg2 Rh8 27. Ng1 Nxg4 28.
fxg4 Qxg4+ 29. Kf2 Qxg1+ 30. Ke1 R8h2 1-0

[Event "Campeonato de España PULEVA MAX Sub-12  "]
[Site "Padron (Galicia)"]
[Date "2011.07.07"]
[Round "4"]
[White "Domingo Nunez, Alejandro"]
[Black "Perez Tores, Juan Miguel"]
[Result "1/2-1/2"]
[WhiteElo "1839"]
[BlackElo "1742"]
[PlyCount "136"]
[EventDate "2011.07.05"]
[EventRounds "9"]
[EventCountry "ESP"]

1. c4 e5 2. Nc3 Nf6 3. g3 d5 4. cxd5 Nxd5 5. Bg2 Nb6 6. d3 Bc5 7. Nf3 Nc6 8.
O-O O-O 9. a3 a5 10. b3 h6 11. Bb2 f5 12. Rc1 Qe7 13. Nh4 Rd8 14. Ng6 Qe6 15.
Nb5 Bxf2+ 16. Rxf2 Qxg6 17. Nxc7 Rb8 18. b4 axb4 19. axb4 e4 20. Qb3+ Kh8 21.
Bxe4 fxe4 22. Rf7 Rg8 23. Rcf1 exd3 24. Rf8 Be6 25. Nxe6 Rbxf8 26. Nxf8 Qe4 27.
Qxd3 Qxd3 28. exd3 Nxb4 29. Bd4 N6d5 30. Ne6 Kh7 31. Rf7 Kg6 32. Rxb7 Nxd3 33.
Kg2 Kf5 34. Rxg7 Rxg7 35. Nxg7+ Kg6 36. h4 Nf6 37. Ne6 Kf5 38. Nc5 Nb4 39. Bxf6
Kxf6 40. g4 Nc6 41. Kg3 Ne7 42. Nd7+ Ke6 43. Nc5+ Kf6 44. Ne4+ Ke5 45. Nd2 Kf6
46. Nf3 Nd5 47. Ne1 Ne7 48. Nd3 Nc6 49. Nf4 Ne5 50. Nh5+ Kg6 51. Kf4 Nd3+ 52.
Kf3 Ne5+ 53. Kg3 Nc4 54. Kf4 Nd2 55. Ng3 Nb3 56. Nf5 Nc5 57. Ke5 Nd7+ 58. Ke6
Nf6 59. Ne7+ Kg7 60. Kf5 Kf7 61. Nc6 Nd5 62. Ne5+ Kg7 63. Ke6 Nf4+ 64. Kf5 Nd5
65. Nf3 Ne3+ 66. Kf4 Ng2+ 67. Ke4 Kg6 68. Ke5 h5 1/2-1/2

[Event "Campeonato de España PULEVA MAX Sub-12  "]
[Site "Padron (Galicia)"]
[Date "2011.07.07"]
[Round "4"]
[White "Gimenez Aguirre, Ismael Alejo"]
[Black "Perez Garcia, Alejandro"]
[Result "0-1"]
[WhiteElo "1712"]
[BlackElo "1781"]
[PlyCount "122"]
[EventDate "2011.07.05"]
[EventRounds "9"]
[EventCountry "ESP"]

1. e4 c5 2. Nf3 Nc6 3. c3 d5 4. exd5 Qxd5 5. d4 cxd4 6. cxd4 e6 7. Nc3 Bb4 8.
Be2 Nf6 9. O-O Bxc3 10. bxc3 O-O 11. Ba3 Rd8 12. Qb3 Ne4 13. Qxd5 exd5 14. Rac1
Bg4 15. h3 Bxf3 16. Bxf3 Nd2 17. Rfe1 Nxf3+ 18. gxf3 Re8 19. Re3 f5 20. Rce1
Kf7 21. f4 Rxe3 22. Rxe3 Re8 23. Kf1 Rxe3 24. fxe3 g6 25. Ke2 b5 26. Bc5 a6 27.
Bb4 Kg7 28. Kf2 Nb8 29. Be7 Nd7 30. Ke2 Nb6 31. Kd2 Nc4+ 32. Ke2 Kf7 33. Bc5 a5
34. a3 Ke6 35. Kd3 h6 36. h4 Kf6 37. Ke2 g5 38. fxg5+ hxg5 39. hxg5+ Kxg5 40.
Be7+ Kg4 41. Bf8 f4 42. exf4 Kxf4 43. Kd3 Kf3 44. Be7 Kf2 45. Bh4+ Kf1 46. Be7
Ke1 47. Kc2 a4 48. Bh4+ Ke2 49. Be7 Ne3+ 50. Kc1 Kd3 51. Bb4 Nc2 52. Ba5 Nxa3
53. Bb4 Nc2 54. Ba5 Ne3 55. Bb4 Nc4 56. Kb1 a3 57. Ka1 Ne3 58. Ka2 Nc2 59. Ba5
Kc4 60. Bb6 Kxc3 61. Bc5 b4 0-1

[Event "Campeonato de España PULEVA MAX Sub-12  "]
[Site "Padron (Galicia)"]
[Date "2011.07.07"]
[Round "4"]
[White "Laiz, Ibanez Hector"]
[Black "Portela Peleteiro, Alberto"]
[Result "1/2-1/2"]
[WhiteElo "1769"]
[BlackElo "1681"]
[PlyCount "39"]
[EventDate "2011.07.05"]
[EventRounds "9"]
[EventCountry "ESP"]

1. f4 d5 2. Nf3 c5 3. b3 Nc6 4. e3 Nf6 5. Bb2 e6 6. Be2 Be7 7. O-O O-O 8. Ne5
Nd7 9. Bb5 Ndxe5 10. fxe5 f6 11. Bxc6 bxc6 12. d3 fxe5 13. Bxe5 Bf6 14. Bxf6
Rxf6 15. Nd2 Bb7 16. Qg4 Rg6 17. Qf4 Rf6 18. Qg4 Rg6 19. Qf4 Rf6 20. Qg4
1/2-1/2